| 000 | 00380 a2200109 4500 | ||
|---|---|---|---|
| 001 | ART_11671 | ||
| 005 | 20260410161859.0 | ||
| 008 | 260409a | ||
| 245 | 1 | 0 | _aDual interpersonal comparisons of utility and the welfare economics of income distribution |
| 100 | 1 | _aHammond, Peter | |
| 773 | 0 |
_tJournal of public economics _g- Vol. 7, NÂș 1 (feb. 1977) _wREV11485 |
|
| 999 |
_c25722 _d25722 |
||